| 000 | 01698nam0a22004211i 4500 | ||
|---|---|---|---|
| 001 | RU\NLR\BIBL_A\011150883 | ||
| 005 | 20240921130954.0 | ||
| 010 |
_a9785990795471 _92000 |
||
| 021 |
_aRU _b2016-44304 _92839 |
||
| 035 | _a(NILC)RuMoRGB-008502806 | ||
| 035 | _a(NLR Aleph) 011150883 | ||
| 090 |
_a11672579 _c11672579 |
||
| 100 | _a20160614d2016 um y0rusy50 ca | ||
| 101 | 1 |
_arus _aara _cund |
|
| 102 | _aRU | ||
| 105 | _ay|||z|||000yy | ||
| 200 | 1 |
_aНаставления ищущим знание и способы его получения _fБурхан аль-Ислам аль-Зарнуджи |
|
| 210 |
_aКазань _cХузур _cЧУ "ИД "Хузур" - "Спокойствие" _d2016 |
||
| 215 |
_a71 с. _d21 |
||
| 300 | _aВ тексте аннот.: перевод на русский язык кн. "Таглим аль мутагаллим" | ||
| 300 | _aДанные тит. л. также на араб. | ||
| 300 | _aТекст рус., араб. | ||
| 333 | _a0+ | ||
| 500 | 1 | 0 |
_aТаглим аль мутагаллим _n13 в. _92636479 _3RU\NLR\AUTH\5505494 |
| 606 | 1 |
_aБогословие мусульманское _91077808 _3RU\NLR\AUTH\66102067 |
|
| 675 | _a28 | ||
| 686 | 2 | _aЭ38-4 | |
| 700 | 0 |
_aБурхан аль-Ислам аль-Зарнуджи _f13 в. _9163567 _3RU\NLR\AUTH\770163611 |
|
| 801 | 0 |
_aRU _bРГБ _c20160530 _gRCR |
|
| 852 |
_aNLR _bОЛСАА-сл-спр _j3-5721 |
||
| 852 |
_aNLR _bОЛСАА-сл-спр _j2-5412 |
||
| 942 | _cBOOK | ||
| 980 | _aNBR | ||
| 980 | 1 | _aSL_SPR | |